Revista de la Universidad Argentina de la Empresa (Registro nro. 8768)
[ vista simple ]
| 000 -LEADER | |
|---|---|
| fixed length control field | 01083nas a2200325 454500 |
| 001 - CONTROL NUMBER | |
| control field | 35578 |
| 005 - DATE AND TIME OF LATEST TRANSACTION | |
| control field | 20260407193509.0 |
| 008 - FIXED-LENGTH DATA ELEMENTS--GENERAL INFORMATION | |
| fixed length control field | 260407s1966####ag###########|||spa#d |
| 003 - CONTROL NUMBER IDENTIFIER | |
| control field | AR-UNSa-BCEJYS |
| 040 ## - CATALOGING SOURCE | |
| Original cataloging agency | AR-UNSa-BCEJYS |
| Language of cataloging | spa |
| Transcribing agency | AR-UNSa-BCEJYS |
| 080 ## - UNIVERSAL DECIMAL CLASSIFICATION NUMBER | |
| Universal Decimal Classification number | 378 |
| Common auxiliary subdivision | Enseñanza superior. Universidades. Escuelas especiales |
| 022 ## - INTERNATIONAL STANDARD SERIAL NUMBER | |
| International Standard Serial Number | 0041-8250 |
| 041 ## - LANGUAGE CODE | |
| Language code of text/sound track or separate title | spa |
| 100 1# - MAIN ENTRY--PERSONAL NAME | |
| Personal name | Universidad Argentina de la Empresa (UADE) |
| 245 10 - TITLE STATEMENT | |
| Title | Revista de la Universidad Argentina de la Empresa |
| 264 #1 - PRODUCTION, PUBLICATION, DISTRIBUTION, MANUFACTURE, AND COPYRIGHT NOTICE | |
| Place of production, publication, distribution, manufacture | Buenos Aires : |
| Name of producer, publisher, distributor, manufacturer | UADE (Universidad Argentina de la Empresa) |
| Date of production, publication, distribution, manufacture, or copyright notice | 1966 |
| 310 ## - CURRENT PUBLICATION FREQUENCY | |
| Current publication frequency | Frecuencia: Cuatrimestral |
| 590 ## - LOCAL NOTE (RLIN) | |
| Local note | niveau_biblio:s niveau_hierar:1 |
| 650 ## - SUBJECT ADDED ENTRY--TOPICAL TERM | |
| Topical term or geographic name entry element | UNIVERSIDADES |
| 650 ## - SUBJECT ADDED ENTRY--TOPICAL TERM | |
| Topical term or geographic name entry element | EMPRESAS |
| 650 ## - SUBJECT ADDED ENTRY--TOPICAL TERM | |
| Topical term or geographic name entry element | Educación |
| 700 1# - ADDED ENTRY--PERSONAL NAME | |
| Personal name | Wainer, Jacobo |
| 700 1# - ADDED ENTRY--PERSONAL NAME | |
| Personal name | Llorens Pastor, José E. |
| 700 1# - ADDED ENTRY--PERSONAL NAME | |
| Personal name | Iglesias, Enrique A. |
| 700 1# - ADDED ENTRY--PERSONAL NAME | |
| Personal name | Nuesch, Hugo |
| 700 1# - ADDED ENTRY--PERSONAL NAME | |
| Personal name | Singer Jonker, Guillermo |
| 700 1# - ADDED ENTRY--PERSONAL NAME | |
| Personal name | Bogo, Héctor Mario |
| 856 41 - ELECTRONIC LOCATION AND ACCESS | |
| Uniform Resource Identifier | <a href="https://biblioeco.unsa.edu.ar/pmb//images/revistas/revUnvArgEmpresa.jpg">https://biblioeco.unsa.edu.ar/pmb//images/revistas/revUnvArgEmpresa.jpg</a> |
| Link text | Imagen de portada |
| Electronic format type | image/jpeg |
| 942 ## - ADDED ENTRY ELEMENTS (KOHA) | |
| Koha item type | |
| Withdrawn status | Lost status | Damaged status | Not for loan | Home library | Current library | Shelving location | Date acquired | Serial enumeration / chronology | Total checkouts | Full call number | Barcode | Date last seen | Price effective from | Koha item type |
|---|---|---|---|---|---|---|---|---|---|---|---|---|---|---|
| Biblioteca Prof. Eusebio Cleto del Rey | Biblioteca Prof. Eusebio Cleto del Rey | 01/06/1972 | Año 9, Nº 29/30 - jun./sep. 1972 | H378 EMP 29/30 | R18070 | 10/04/2026 | 10/04/2026 | Numero | ||||||
| Biblioteca Prof. Eusebio Cleto del Rey | Biblioteca Prof. Eusebio Cleto del Rey | 01/12/1971 | Año 9, Nº 27/28 - dic. 1971/mar. 1972 | H378 EMP 27/28 | R18069 | 10/04/2026 | 10/04/2026 | Numero | ||||||
| Biblioteca Prof. Eusebio Cleto del Rey | Biblioteca Prof. Eusebio Cleto del Rey | 01/06/1971 | Año 8, Nº 25/26 - jun./sep. 1971 | H378 EMP 25/26 | R18068 | 10/04/2026 | 10/04/2026 | Numero | ||||||
| Biblioteca Prof. Eusebio Cleto del Rey | Biblioteca Prof. Eusebio Cleto del Rey | 01/03/1971 | Año 8, Nº 24 - mar. 1971 | H378 EMP 24 | R18067 | 10/04/2026 | 10/04/2026 | Numero | ||||||
| Biblioteca Prof. Eusebio Cleto del Rey | Biblioteca Prof. Eusebio Cleto del Rey | 01/12/1970 | Año 7, Nº 23 - dic. 1970 | H378 EMP 23 | R18539 | 10/04/2026 | 10/04/2026 | Numero | ||||||
| Biblioteca Prof. Eusebio Cleto del Rey | Biblioteca Prof. Eusebio Cleto del Rey | 01/09/1970 | Año 7, Nº 22 - sep. 1970 | H378 EMP 22 | R20348 | 10/04/2026 | 10/04/2026 | Numero | ||||||
| Biblioteca Prof. Eusebio Cleto del Rey | Biblioteca Prof. Eusebio Cleto del Rey | 01/06/1970 | Año 7, Nº 21 - jun. 1970 | H378 EMP 21 | R18066 | 10/04/2026 | 10/04/2026 | Numero | ||||||
| Biblioteca Prof. Eusebio Cleto del Rey | Biblioteca Prof. Eusebio Cleto del Rey | 01/10/1969 | Año 6, Nº 19 - oct. 1969 | H378 EMP 19 | R18065 | 10/04/2026 | 10/04/2026 | Numero | ||||||
| Biblioteca Prof. Eusebio Cleto del Rey | Biblioteca Prof. Eusebio Cleto del Rey | 01/06/1969 | Año 6, Nº 18 - jun. 1969 | H378 EMP 18 | R18061 | 10/04/2026 | 10/04/2026 | Numero | ||||||
| Biblioteca Prof. Eusebio Cleto del Rey | Biblioteca Prof. Eusebio Cleto del Rey | 01/10/1966 | Año 3, Nº 10 - oct. 1966 | H378 EMP 10 | R18538 | 10/04/2026 | 10/04/2026 | Numero |